| Tag |
First Indicator |
Second Indicator |
Subfields |
| LEADER |
00000cam a2200000 4500 |
| 001 |
in00000684145 |
| 005 |
20151015164323.0 |
| 008 |
711217m19719999mauc 00001 eng |
| 010 |
|
|
|a 70122263
|
| 020 |
|
|
|a 0262160374 (v. 1)
|
| 020 |
|
|
|a 0262160382 (v. 2)
|
| 035 |
|
|
|a (OCoLC)00216571
|
| 035 |
|
|
|9 ACZ7144AM
|
| 037 |
|
|
|c $10.00 per vol.
|
| 040 |
|
|
|a DLC
|c DLC
|d TXA
|d UtOrBLW
|
| 041 |
1 |
|
|a eng
|a rus
|
| 049 |
|
|
|a TXAM
|v 1 [710103]
|v 2 [710104]
|
| 050 |
0 |
0 |
|a PZ1.P78
|b Fi
|a PG3266
|
| 082 |
0 |
|
|a 891.7/3/408
|
| 090 |
|
|
|a PZ1
|b .F4668
|
| 245 |
0 |
0 |
|a Fifty years of Russian prose ;
|b from Pasternak to Solzhenitsyn /
|c Edited by Krystyna Pomorska.
|
| 264 |
|
1 |
|a Cambridge, Mass. :
|b MIT Press,
|c [1971-]
|
| 264 |
|
4 |
|c [©1971-]
|
| 300 |
|
|
|a volumes :
|b portrait ;
|c 24 cm.
|
| 336 |
|
|
|a text
|b txt
|2 rdacontent
|
| 337 |
|
|
|a unmediated
|b n
|2 rdamedia
|
| 338 |
|
|
|a volume
|b nc
|2 rdacarrier
|
| 650 |
|
0 |
|a Short stories, Russian
|v Translations into English.
|
| 650 |
|
0 |
|a Short stories, English
|x Translations into Russian.
|
| 700 |
1 |
|
|a Pomorska, Krystyna.
|
| 999 |
|
|
|a MARS
|
| 999 |
f |
f |
|s c714d1b3-61c3-3b4a-8866-291ed4324e8a
|i e6009736-fd74-3e38-8057-d9599f30dd58
|t 0
|
| 952 |
f |
f |
|p ric
|a Texas A&M University
|b Rellis Campus
|c Joint Library Facility
|d Remote Storage
|t 0
|e PZ1 .F4668
|h Library of Congress classification
|i unmediated -- volume
|k v.1
|m A14804187819
|
| 952 |
f |
f |
|p ric
|a Texas A&M University
|b Rellis Campus
|c Joint Library Facility
|d Remote Storage
|t 0
|e PZ1 .F4668
|h Library of Congress classification
|i unmediated -- volume
|k v.2
|m A14804187827
|
| 998 |
f |
f |
|a PZ1 .F4668
|s v.1-v.2
|t 0
|l Remote Storage
|